Quiz angielski słówka unit 1 - Statystyki

Ogólne statystyki
  • Ten quiz został rozwiązany 33 razy
  • Średni wynik to 31 z 245
Statystyki odpowiedzi
Hint Odpowiedź % Poprawnych
wiek age
96%
Nazwisko surname
70%
Piękny beautiful
52%
Adres e mailowy email adress
48%
Płeć sex
48%
Broda (zarost) beard
44%
Niebieskie oczy blue eyes
44%
Brązowe oczy brown eyes
44%
Niski short
44%
Krótkie włosy short hair
44%
Tatuaż tattoo
44%
Kręcone włosy curly hair
41%
Ciemne włosy dark hair
41%
Kobieta female
41%
Zielone oczy green eyes
41%
Długie włosy long hair
41%
miłość love
41%
Skąpy mean
41%
Brzydki ugly
41%
gotować cook
37%
Przystojny handsome
37%
Szczęśliwy happy
37%
Proste włosy straight hair
37%
Wysoki tall
37%
Łysy bald
33%
komputer computer
33%
tańczyć dance
33%
okulary glasses
33%
Mężczyzna male
33%
pieniądze money
33%
Narodowość nationality
33%
Blizna scar
33%
pływać swim
33%
książki books
30%
Brązowe włosy brown hair
30%
długopis pen
30%
Ambitny ambitious
26%
torba bag
26%
narodziny birth
26%
dziecko child
26%
ubrania clothes
26%
Nienawidzić hate
26%
Wzrost height
26%
dzieciak kid
26%
malowac paint
26%
Ładny pretty
26%
Zrelaksowany relaxed
26%
dorosły adult
22%
Atrakcyjny attractive
22%
Blond włosy blonde hair
22%
Odważny brave
22%
Czuć, czuć się feel
22%
Wąsy moustache
22%
paszport passport
22%
Miejsce urodzenia place of birth
22%
portfel wallet
22%
Zły, rozzłoszczony angry
19%
Unikać avoid
19%
Sprytny clever
19%
Piegi freckles
19%
Pracowity hard-working
19%
Szczery honest
19%
dokument tożsamości ID
19%
Zazdrosny jealous
19%
Miły kind
19%
Leniwy lazy
19%
Lojalny loyal
19%
wiek średni middle age
19%
Nieśmiały shy
19%
zegarek watch
19%
Pofalowane włosy wavy hair
19%
Młody/młoda young
19%
Wygląd appearance
15%
dzieciństwo childhood
15%
śmierć death
15%
prowadzić samochód drive a car
15%
słuchawki headphones
15%
Nazwisko last name
15%
Cierpliwy patient
15%
szacunek respect
15%
Przestraszony scared
15%
Zszokowany shocked
15%
Głupi stupid
15%
Tolerancyjny tolerant
15%
Nieatrakcyjny unattractive
15%
Podziwiać | podziwiać admire
11%
dorosłość adulthood
11%
Agresywny aggressive
11%
Pewny siebie confident
11%
godność dignity
11%
Uczucie, emocja emotion
11%
empatia empathy
11%
Uczucie, emocja feeling
11%
łowić ryby fish
11%
Przyjazny, życzliwy friendly
11%
Mieć poczucie humoru have a sense of humor
11%
Dojrzały mature
11%
Średniego wzrostu medium height
11%
Zawód occupation
11%
Osobowość personality
11%
Cichy quiet
11%
Odpowiedzialny responsible
11%
Niegrzeczny rude
11%
Gadatliwy talkative
11%
tolerancja tolerance
11%
zaufanie trust
11%
właściwie, faktycznie actually
7%
podziw admiration
7%
Zirytowany annoyed
7%
Zawstydzony ashamed
7%
Nieuczciwy dishonest
7%
Zażenowany embarassed
7%
entuzjazm enthusiasm
7%
Entuzjastyczny enthusiastic
7%
równość equality
7%
Jasne włosy fair hair
7%
Imię first name
7%
wolność wypowiedzi freedom of speech
7%
Hojny, Szczodry generous
7%
Łagodny gentle
7%
Atrakcyjny,przystojny good-looking
7%
szczerość honesty
7%
Niecierpliwy impatient
7%
niezależnośc independence
7%
influencer influencer
7%
Nietolerancyjny intolerant
7%
Nieodpowiedzialny irresponsible
7%
sprawiedliwość justice
7%
lojalność loyalty
7%
Skromny modest
7%
zdenerwowany nervous
7%
otwartość openness
7%
Uprzejmy polite
7%
prestiż prestige
7%
jakość życia quality of life
7%
odpowiedzialność responsibility
7%
solve problems rozwiązywać problemy
7%
Samolubny selfish
7%
Towarzyski sociable
7%
czas wolny spare time
7%
Przerażony terrified
7%
okazać się turn out
7%
Nieprzyjazny unfriendly
7%
Nieszczęśliwy unhappy
7%
Niemiły unkind
7%
Zmarszczki wrinkles
7%
Zdziwiony, zaskoczony astonished
4%
być w czymś dobrym be good at sth
4%
Być w złym humorze be in a bad mood
4%
być w dobrym humorze be in a good mood
4%
być czymś zainteresowanym be into sth
4%
Spokojny calm
4%
odpowiedzialność zbiorowa collective responsibility
4%
Twórczy creative
4%
Nie lubić dislike
4%
pokłócić się fall out
4%
Niedojrzały immature
4%
Nieuprzejmy impolite
4%
inspirować kogoś inspire sb
4%
biżuteria jewelry
4%
Poziom znajomości języka angielskiego level of english
4%
Żywy, żywiołowy lively
4%
W średnim wieku middle-aged
4%
starość old age
4%
rozwój osobisty personal development
4%
wolność osobista personal freedom
4%
Niezawodny, solidny reliable
4%
szyć sew
4%
Niemądry, głupi silly
4%
Uparty stubborn
4%
Zaniepokojony upset
4%
przyznawać potweirdzać acknowledge
0%
okres dojrzewania adolescene
0%
nastolatek/nastolatka adolescent
0%
Żądny przygód, śmiały adventurous
0%
autorytet w jakiejś dziedzinie authority on sth
0%
bardzo coś lubić be fond of sth
0%
interesować się czymś be interested in sth
0%
przepadać za czymś be keen on sth
0%
mieć bzika na jakimś punkcie be mad about sth
0%
Dominujacy bossy
0%
Inteligentny bright, intelligent
0%
nie móc bez czegoś żyć can't live without sth
0%
Nie znosić czegoś can't stand sth
0%
Troszczyć się o kogoś care about sb
0%
kontynuować carry on
0%
Pogodny cheerful
0%
programować code
0%
Pogardzać despise
0%
Nielojalny disloyal
0%
Cechy szczególne distinguishing features
0%
wykonywać prace domowe do housework
0%
Nie mieć nic przeciwko czemuś don't mind sth
0%
Starszy/starsza elderly
0%
lubić coś, czerpać z czegoś przyjemność enjoy sth
0%
cieszyć się szacunkiem enjoy the respect
0%
Zazdrosny, zawstydny envious
0%
w końcu eventually
0%
Wyraziste, pełne wyrazu oczy expressive eyes
0%
sprawiedliwość fairness
0%
Nie mieć z czymś problemu feel alright about sth
0%
Współczuć komuś feel sorry for sb
0%
postac figure
0%
uważać coś za relaksujące find sth relaxing
0%
Denerwować się get nervous
0%
Nie mieć z czymś problemu haven't got a problem with
0%
niebezpieczeństwo hazard
0%
numer telefonu domowego home number
0%
mieć na kogoś wpływ influence sb
0%
Około 35 lat in her mid-thirties
0%
Trochę ponad 20 lat in his/her early twenties
0%
przed 50-tką in his late forties
0%
Nastoletni in his teens
0%
Niepewny siebie insecure
0%
Trzymać się z dala od czegoś keep away from sth
0%
czas wolny, rekreacja leisure
0%
rozrywki, hobby leisure activities
0%
Wygląd, uroda looks
0%
podziwiac kogoś look up to sb
0%
Numer telefonu komórkowego mobile number
0%
telefon komórkowy mobile phone
0%
notatnik notepad
0%
zwykły ordinary
0%
szczególnie coś lubić particularly like
0%
satysfakcja osobista personal fulfilment
0%
Wygląd zewnętrzny physical appearance
0%
grać na instrumencie muzycznym play a musical instrument
0%
Zadowolony pleased
0%
uznanie recognition
0%
prawo do zdrowia i dobrostanu right to health and welfare
0%
Bezpieczny secure
0%
Rozsądny sensible
0%
wrażliwość sensitivity
0%
wstać, podniesć się stand up
0%
Trzymać się z dala od czegoś stay away from sth
0%
Zdziwiony suprised
0%
współczujący sympathetic
0%
stać sie popularnym take off
0%
Numer telefonu telephone no.
0%
Bez ambicji unambitious
0%
Niesolidny, niepewny unreliable
0%
Pozbawiony egoizmu unselfish
0%
uwżać watch out
0%
Zmartwiony worried
0%
Nie znaleziono quizów pasujących do podanych kryteriów
Rozkład punktacji
Procent ludzi z każdym wynikiem
Percentyl według liczby udzielonych odpowiedzi
Twoja historia wyników
Nie rozwiązałeś tego quizu